[Event "Rhein Main op-A 22nd"]
[Site "Bad Homburg"]
[Date "2019.06.20"]
[Round "2"]
[White "Brustkern, Juergen"]
[Black "Mews, Bernhard"]
[Result "1-0"]
[WhiteElo "2222"]
[BlackElo "2061"]
[PlyCount "39"]
[EventDate "2019.06.19"]
[EventType "swiss"]
[EventRounds "9"]
[EventCountry "GER"]
[SourceTitle "EXT 2020"]
[Source "ChessBase"]
[SourceDate "2019.10.17"]
[SourceVersion "1"]
[SourceVersionDate "2019.10.17"]
[SourceQuality "1"]

1. d4 Nf6 2. c4 e6 3. Nc3 Bb4 4. e3 b6 5. Nge2 c5 6. a3 Ba5 7. Rb1 Qe7 8. Bd2 0-0 9. Ng3 Bb7 10. Bd3 Bxg2 11. Rg1 Bb7 12. b4 cxb4 13. axb4 Bxb4 14. Rxb4 Qxb4 15. Nd5 Qxd2+ 16. Kxd2 exd5 17. Nh5 Nxh5 18. Bxh7+ Kxh7 19. Qxh5+ Kg8 20. Qh6 1-0

[Event "Berlin-ch MT"]
[Site "Berlin"]
[Date "2019.04.26"]
[Round "7"]
[White "Gebigke, Martin"]
[Black "Brustkern, Juergen"]
[Result "1/2-1/2"]
[WhiteElo "2068"]
[BlackElo "2240"]
[PlyCount "82"]
[EventDate "2019.04.20"]
[EventType "swiss"]
[EventRounds "9"]
[EventCountry "GER"]
[SourceTitle "EXT 2020"]
[Source "ChessBase"]
[SourceDate "2019.10.17"]
[SourceVersion "1"]
[SourceVersionDate "2019.10.17"]
[SourceQuality "1"]

1. d4 d5 2. c4 Nc6 3. cxd5 Qxd5 4. e3 e5 5. Nc3 Bb4 6. Bd2 Bxc3 7. bxc3 Qd6 8. Bd3 Nf6 9. f3 0-0 10. Ne2 Re8 11. 0-0 Bd7 12. Rb1 b6 13. Qc2 Rad8 14. Kh1 Bc8 15. Ng3 h6 16. Rfd1 Kh8 17. Qc1 h5 18. Qc2 g6 19. Ne4 Nxe4 20. fxe4 Kg8 21. Be1 Qf6 22. Bf2 h4 23. h3 Rd6 24. Rf1 Qg5 25. Bg1 f6 26. Rf3 Na5 27. c4 c5 28. d5 Red8 29. Be2 Rf8 30. Rbf1 Rd7 31. Bf2 Nb7 32. g3 hxg3 33. Rxg3 Qh6 34. Bg4 Rg7 35. Bxc8 Rxc8 36. Kg2 Nd6 37. a4 g5 38. Bg1 Qg6 39. Rg4 Rh7 40. Rf3 Rh4 41. Rfg3 Rxg4 1/2-1/2

[Event "Berlin-ch MT"]
[Site "Berlin"]
[Date "2019.04.25"]
[Round "6"]
[White "Brustkern, Juergen"]
[Black "Schliebener, Stephan"]
[Result "1/2-1/2"]
[WhiteElo "2240"]
[BlackElo "2126"]
[PlyCount "45"]
[EventDate "2019.04.20"]
[EventType "swiss"]
[EventRounds "9"]
[EventCountry "GER"]
[SourceTitle "EXT 2020"]
[Source "ChessBase"]
[SourceDate "2019.10.17"]
[SourceVersion "1"]
[SourceVersionDate "2019.10.17"]
[SourceQuality "1"]

1. e4 c5 2. d3 Nc6 3. f4 e6 4. Nf3 g6 5. Be2 Bg7 6. 0-0 Nge7 7. c3 0-0 8. Be3 d6 9. d4 cxd4 10. cxd4 f5 11. e5 Nd5 12. Qd2 Nxe3 13. Qxe3 d5 14. Nc3 h6 15. h4 Rf7 16. a3 Bf8 17. b4 Bd7 18. g3 Be8 19. Na4 b6 20. Rfc1 Rc7 21. Nc3 a5 22. Nb5 Rcc8 23. bxa5 1/2-1/2

[Event "Berlin Lichtenrade op 14th"]
[Site "Berlin"]
[Date "2018.10.28"]
[Round "2"]
[White "Lohse, Steffen"]
[Black "Brustkern, Juergen"]
[Result "0-1"]
[WhiteElo "1906"]
[BlackElo "2203"]
[PlyCount "56"]
[EventDate "2018.10.27"]
[EventType "swiss"]
[EventRounds "9"]
[EventCountry "GER"]
[SourceTitle "CBM 187 Extra"]
[Source "ChessBase"]
[SourceDate "2018.11.04"]
[SourceVersion "1"]
[SourceVersionDate "2018.11.04"]
[SourceQuality "1"]

1. Nf3 d6 2. g3 e5 3. d3 f5 4. e4 Nf6 5. Bg5 Be7 6. Nc3 0-0 7. Bg2 h6 8. Bxf6 Bxf6 9. Nd5 c6 10. Nxf6+ Qxf6 11. 0-0 fxe4 12. Nd2 exd3 13. Ne4 Qg6 14. Qxd3 d5 15. Qb3 b6 16. Nd2 Na6 17. Nf3 Qf6 18. c3 Nc5 19. Qc2 Bf5 20. Qd2 Be4 21. Ne1 Rae8 22. f3 Bg6 23. Rf2 e4 24. fxe4 Qxf2+ 25. Qxf2 Rxf2 26. Kxf2 Bxe4 27. Rd1 a5 28. b3 Bxg2 0-1

[Event "GER-ch 89th"]
[Site "Dresden"]
[Date "2018.08.06"]
[Round "4"]
[White "Rehberg, Raphael"]
[Black "Brustkern, Juergen"]
[Result "0-1"]
[WhiteElo "2234"]
[BlackElo "2219"]
[PlyCount "52"]
[EventDate "2018.08.03"]
[EventType "swiss"]
[EventRounds "9"]
[EventCountry "GER"]
[SourceTitle "CBM 185 Extra"]
[Source "ChessBase"]
[SourceDate "2018.07.29"]
[SourceVersion "1"]
[SourceVersionDate "2018.07.29"]
[SourceQuality "1"]

1. e4 d5 2. exd5 Qxd5 3. Nc3 Qa5 4. d4 Nf6 5. Bc4 c6 6. Qe2 Bf5 7. Bd2 Qc7 8. 0-0-0 e6 9. h3 Bb4 10. g4 Bg6 11. Nf3 Nbd7 12. Ne5 Bxc3 13. Bxc3 Nxe5 14. dxe5 Nd5 15. Bd2 0-0-0 16. f4 h5 17. Qf3 f5 18. Qa3 Kb8 19. Bd3 c5 20. c4 Nb4 21. Bxb4 cxb4 22. Qb3 hxg4 23. hxg4 Rxh1 24. Rxh1 Qc5 25. gxf5 Qe3+ 26. Kc2 Rxd3 0-1